Multiple Choice Country Etymologies - Statistics

General Stats
  • This quiz has been taken 689 times
    679 since last reset
  • The average score is 6 of 10
Answer Stats
Question Answer % Correct
Tanzania A portmanteau of Tanganyika and Zanzibar
88%
India Derived from the Greek word for people from the Indus River
85%
Russia Derived from the Rus
85%
Timor-Leste A Portuguese transliteration of the Malay word for east
74%
Mexico Was a native word of the Aztecs
68%
New Zealand Named after a Dutch province
67%
Czechia Named after a tribe that settled the area
57%
Algeria Named after the capital of Algeria
52%
Peru Named after a Panamanian ruler
6%
Taiwan Named after the location of a Dutch fort
5%
No matching quizzes found
Score Distribution
Percent of People with Each Score
Percentile by Number Answered
Your Score History
You have not taken this quiz since the last reset